000 00412nam a2200145Ia 4500
008 100204s9999 xx 000 0 und d
082 _b9964
100 _aकांबळी दिवाकर
245 _aपरळ 68
260 _b"डिंंंंप्ंाल पब्लिकेशन, वसई"
_c1987
300 _a164
630 _aपरळ 68
730 _aपरळ 68
942 _cBOOK
999 _c454400
_d454397